Films de Steven Spielberg par images - Mort Subite - Statistiques

Statistiques générales
  • Ce quiz a été pris 1 194 fois
  • Le résultat moyen est 5 sur 8
Answers on the Grid
Answers color-coded by a green-red scale on the quiz's grid according to % correct below.
 
Statistiques - réponses
Réponse % Correct
E.T. l'extra-terrestre
77%
Les Dents de la mer
74%
Jurassic Park
74%
Les Aventuriers de l'Arche Perdue
69%
Il faut sauver le soldat Ryan
63%
La Liste de Schindler
54%
Lincoln
38%
Hook ou la revanche du Capitaine Crochet
34%
Aucun quiz correspondant
Distribution des résultats
% des personnes avec chaque résultat
Percentile par nombre de réponses
Votre historique - résultats
Vous n’avez pas pris ce quiz